Normal view MARC view

Entry Personal Name

Number of records used in: 1

001 - CONTROL NUMBER

  • control field: 825407

003 - CONTROL NUMBER IDENTIFIER

  • control field: OSt

005 - DATE AND TIME OF LATEST TRANSACTION

  • control field: 20250923144504.0

008 - FIXED-LENGTH DATA ELEMENTS

  • fixed length control field: 250923|| aca||aabn | a|a d

040 ## - CATALOGING SOURCE

  • Original cataloging agency: OSt
  • Transcribing agency: OSt

100 ## - HEADING--PERSONAL NAME

  • Personal name: Surathy, Leela

670 ## - SOURCE DATA FOUND

  • Source citation: Work cat.: (OSt)1439515: Surathy, Leela , Study of narineketan , A home for destitute women and those rescued from moral danger and commercial vice, 1954
Copyright @ Delhi University Library System